| 000 | 01404 a2200229 4500 | ||
|---|---|---|---|
| 001 | 10471 | ||
| 005 | 20260407155438.0 | ||
| 008 | 260407a2005 arg spa d | ||
| 003 | AR-UNSa-BCEJYS | ||
| 040 |
_aAR-UNSa-BCEJYS _bspa _cAR-UNSa-BCEJYS |
||
| 080 |
_a347.74 _xContratos mercantiles (comerciales...leasing)) |
||
| 245 | 1 | 0 |
_aContratos comerciales modernos _pModalidades de contratación empresaria |
| 020 | _a950-508-682-2 | ||
| 250 | _a3a. ed. | ||
| 264 | 1 |
_aBuenos Aires : _bAstrea _c2005 |
|
| 300 |
_a2 v. _c23 cm. |
||
| 505 | _aVol.1 : 1. Los contratos comerciales en la actualidad - 2. Contratación masiva - 3.Conceptos de contrato. Necesidad de su revisión - 4. Responsabilidad de productores y proveedores en la contratación mercantil - 5. Influencia del comercio actual sobre las categorias contractuales - 6. Canales de comercialización. Vol. 2 : 7. Negocios fiduciarios - 8. Contratos de créditos y financieros - 9. Los derechos intelectulales como objeto de los contratos comerciales - 10. Contratos para fines publicitarios - 11. Contrato de viaje y turismo - 12. Contratos de colaboración, de organización, plurilaterales y asociativo. | ||
| 942 | _cBK | ||
| 590 | _aniveau_biblio:m niveau_hierar:0 | ||
| 100 | 1 | _aFarina, Juan María | |
| 856 | 4 | 1 |
_uhttps://biblioeco.unsa.edu.ar/pmb/images/libros/Contratos Comerciales Modernos-l118729.jpg _yImagen de portada _qimage/jpeg |
| 999 |
_c462 _d462 |
||